Dış ticaret ve başlıca ekonomik göstergeler 2005= (Record no. 7066)

MARC details
000 -BAŞLIK
Sabit Uzunlukta Kontrol Alanı 00630na a2200205 4500
001 - KONTROL NUMARASI
Denetim Alanı 20134
003 - KONTROL NUMARASI IDENTIFIER
Denetim Alanı MIRAKIL
005 - SON İŞLEM TARİHİ VE ZAMANI
Denetim Alanı 20181213155127.0
008 - SABİT-BOY VERİ ELEMANLARI - GENEL BİLGİLER
Sabit Uzunlukta Kontrol Alanı 170104b tu 000 0
040 ## - KATALOGLAMA KAYNAK
Orijinal Kataloglama Ajansı Milas
Kataloglama Dili tur
Metne Dönüştürmek Ajansı TR-AnCHP
041 ## - DİL KODU
Metin / Ses Parça Veya Ayrı Başlığın Dil Kodu tur
-- eng
082 ## - DEWEY ONLU SINIFLANDIRMA NUMARASI
Sınıflandırma Numarası 382.021
Ürün Numarası D47 2006
090 ## - SINIFLAMA NUMARASI
Sınıflama Numarası 382.021 D47 2006
245 ## - BAŞLIK TABLOSU
Başlık Dış ticaret ve başlıca ekonomik göstergeler 2005=
Başlığın Kalan Foreign trade and main economic ındicators 2005
Sorumluluk Tablosu, Vb Dış Ticaret Müsteşarlığı
260 ## - YAYIN, DAĞITIM, VB
Yayın, Dağıtım, Vb Yeri Ankara
Yayıncı, Dağıtıcı, Vs Adı DTM
Yayın, Dağıtım, Vb Tarihi 2006
300 ## - FİZİKSEL TANIM
Kapsam 131 s.
Diğer Fiziksel Ayrıntıları tbl.;grf.
Boyutlar 28 sm.
650 ## - KONU KATMA GİRİŞ - TOPİKAL DÖNEM
Topikal Süreli Veya Coğrafi Ad Giriş Elemanı Dış ticaret
Genel Alt Bölümü Ekonomik göstergeler
710 ## - KATMA GİRİŞ - KURUMSAL ADI
Giriş Elemanı Olarak Kurumsal Ad Veya Yargı Alanı Adı DTM
942 ## - EKLENDİ GİRİŞ ELEMANLARI (KOHA)
Sınıflandırma Veya Raf Düzeni Kaynak Dewey Decimal Classification
Koha Öğesi Türü Books
999 ## - SİSTEM KONTROL NUMARALARI (KOHA)
Koha Biblionumber 7066
Koha Biblioitemnumber 7066
Holdings
Kalıcı Konum Mevcut Konum Edinme Tarihi Edinim Kaynak Toplam Check-Out'Lar Tam Çağrı Numarası Barkod Tarih Son Görülme İtibaren Geçerli Fiyatlar Koha Öğesi Türü
CHP Kütüphanesi CHP Kütüphanesi 01/04/2017 Bağış   382.021 D47 2006 010490 01/04/2017 01/04/2017 Books